FIFA Members not recognised by Jetpunk - Statistics

General Stats
  • This quiz has been taken 51 times
    34 since last reset
  • The average score is 16 of 24
Answer Stats
Asia % Correct
Northern Ireland
89%
Scotland
89%
Wales
89%
England
82%
Faroe Islands
82%
Hong Kong
79%
Macau
79%
Gibraltar
75%
Palestine
75%
US Virgin Islands
68%
Bermuda
64%
Aruba
61%
Cayman Islands
61%
Curaçao
61%
British Virgin Islands
57%
American Samoa
54%
Guam
54%
Montserrat
54%
Turks and Caicos Islands
54%
Anguilla
50%
Puerto Rico
50%
Cook Islands
46%
New Caledonia
43%
Tahiti
43%
No matching quizzes found
Score Distribution
Percent of People with Each Score
Percentile by Number Answered
Your Score History
You have not taken this quiz since the last reset